AU LIBRARIES
Centralized Library System Across Seven Campuses

Insani Kirdaar ki Ahmiyat (Record no. 47303)

MARC details
000 -LEADER
fixed length control field 00396nam a22001457a 4500
005 - DATE AND TIME OF LATEST TRANSACTION
control field 20260414104350.0
008 - FIXED-LENGTH DATA ELEMENTS--GENERAL INFORMATION
fixed length control field 260414b |||||||| |||| 00| 0 eng d
082 ## - DEWEY DECIMAL CLASSIFICATION NUMBER
Classification number 155.2
Author Mark JAM-H
100 ## - MAIN ENTRY--AUTHOR
Author Name Jameel Ch.
245 ## - TITLE STATEMENT
Title Insani Kirdaar ki Ahmiyat
260 ## - PUBLICATION, DISTRIBUTION, ETC.
Place of Publication Pakistan
Name of publisher, distributor, etc. Chaudhary Publishers, Fazal Abad Sharif, Darya Gali Murree
Date of publication, distribution, etc. 2003
300 ## - PHYSICAL DESCRIPTION
Pages 152 p.
650 ## - SUBJECT ADDED ENTRY--TOPICAL TERM
Subject / Department Education
942 ## - ADDED ENTRY ELEMENTS (KOHA)
Koha item type Book
Holdings
Withdrawn status Lost status Damaged status Not for loan Collection code Permanent Location Current Location Shelving Location Date acquired Source of acquisition Total Checkouts Full Call Number Accession No./Barcode Date last seen Koha item type
        Education Air University H-11 Campus Islamabad Air University H-11 Campus Islamabad Education 04/14/2026 Gifted by Dr. Sadaf Zamir   155.2 JAM-H AUHEG0035 04/14/2026 Book
Air University Sector E-9, Islamabad Pakistan
Email: librarian@au.edu.pk  Tel : +0092 51 9262612 Ext: 631